[Event "Chigorin Memorial 29th"]
[Site "St Petersburg"]
[Date "2022.10.26"]
[Round "5"]
[White "Fedotov, Alexey"]
[Black "Penkov, Aleksey"]
[Result "1-0"]
[WhiteElo "2082"]
[BlackElo "1720"]
[PlyCount "65"]
[EventDate "2022.10.22"]
[EventType "swiss"]
[EventRounds "9"]
[EventCountry "RUS"]
[SourceTitle "EXT 2024"]
[Source "ChessBase"]
[SourceDate "2023.10.10"]
[SourceVersion "1"]
[SourceVersionDate "2023.10.10"]
[SourceQuality "1"]

1. d4 Nf6 2. c4 e5 3. dxe5 Ng4 4. e3 d6 5. exd6 Bxd6 6. Be2 h5 7. Nf3 Nc6 8. Nc3 Be6 9. h3 Nge5 10. Nxe5 Nxe5 11. 0-0 Qh4 12. f4 0-0-0 13. Qe1 Qxe1 14. Rxe1 Nc6 15. Rd1 f5 16. b3 g6 17. Bb2 Bc5 18. Kf2 Rhe8 19. Rxd8+ Kxd8 20. Rd1+ Kc8 21. Bf3 Bf7 22. Bc1 g5 23. fxg5 f4 24. Ne4 fxe3+ 25. Bxe3 Bxe3+ 26. Kxe3 Bg6 27. Kf4 Re5 28. Ng3 h4 29. Bxc6 Ra5 30. Bd7+ Kb8 31. Bf5 Bxf5 32. Nxf5 b5 33. g6 1-0

[Event "Chigorin Memorial 29th"]
[Site "St Petersburg"]
[Date "2022.10.23"]
[Round "2"]
[White "Tsydypov, Zhamsaran"]
[Black "Fedotov, Alexey"]
[Result "1-0"]
[WhiteElo "2534"]
[BlackElo "2082"]
[PlyCount "83"]
[EventDate "2022.10.22"]
[EventType "swiss"]
[EventRounds "9"]
[EventCountry "RUS"]
[SourceTitle "EXT 2024"]
[Source "ChessBase"]
[SourceDate "2023.10.10"]
[SourceVersion "1"]
[SourceVersionDate "2023.10.10"]
[SourceQuality "1"]

1. e4 c6 2. d4 d5 3. e5 Bf5 4. g4 Be4 5. f3 Bg6 6. e6 Qd6 7. exf7+ Bxf7 8. Ne2 Nd7 9. Nbc3 e5 10. Be3 0-0-0 11. Qd2 h5 12. g5 Ne7 13. 0-0-0 Nf5 14. dxe5 Nxe5 15. Bf4 g6 16. Bh3 Bg7 17. Nd4 Be6 18. Nxe6 Qxe6 19. Bxe5 Bxe5 20. Ne2 Qd6 21. f4 Bg7 22. Ng3 Kb8 23. Bxf5 h4 24. Bg4 hxg3 25. hxg3 c5 26. Rxh8 Bxh8 27. Qa5 c4 28. Re1 b6 29. Qb5 a6 30. Qa4 Kb7 31. c3 Qc5 32. Qc2 a5 33. Qxg6 d4 34. Qf7+ Ka6 35. Qe7 Qxe7 36. Rxe7 dxc3 37. bxc3 Bxc3 38. Be6 Kb5 39. Rc7 Rh8 40. Rxc4 Ba1 41. a4+ Ka6 42. Rc7 1-0

[Event "Ekaterinburg Scerbin Memorial"]
[Site "Ekaterinburg"]
[Date "2021.12.18"]
[Round "7"]
[White "Lubashov, Alexei"]
[Black "Fedotov, Alexey"]
[Result "0-1"]
[WhiteElo "2414"]
[BlackElo "2175"]
[PlyCount "80"]
[EventDate "2021.12.18"]
[EventType "swiss (rapid)"]
[EventRounds "9"]
[EventCountry "RUS"]
[SourceTitle "CBM 205 Extra"]
[Source "ChessBase"]
[SourceDate "2022.01.31"]
[SourceVersion "1"]
[SourceVersionDate "2022.01.31"]
[SourceQuality "1"]

1. g3 d5 2. Bg2 Nf6 3. d3 e5 4. Nf3 Bd6 5. Nc3 c6 6. e4 0-0 7. 0-0 dxe4 8. dxe4 Qc7 9. Nh4 Na6 10. Bg5 Nd7 11. Nf5 Bc5 12. Bh6 g6 13. Bxf8 Nxf8 14. Nh4 Be6 15. Qe2 b5 16. Rfd1 Bc4 17. Qf3 Ne6 18. Bf1 Nd4 19. Qg2 Be6 20. Rd2 Nb4 21. Rc1 Rd8 22. a3 Na6 23. Ne2 g5 24. Nxd4 Bxd4 25. Nf3 Bxb2 26. Rxd8+ Qxd8 27. Rb1 Bc3 28. a4 Ba2 29. Rc1 g4 30. axb5 cxb5 31. Bxb5 Nc7 32. Be2 gxf3 33. Qxf3 Bd4 34. c3 Bc5 35. Qg4+ Kh8 36. Rd1 Qf6 37. Bf3 Ne6 38. Rd5 Bb6 39. Kg2 Bxd5 40. exd5 Ng5 0-1

[Event "Moscow op-A 16th"]
[Site "Moscow"]
[Date "2020.01.30"]
[Round "6"]
[White "Nurgali, Nazerke"]
[Black "Fedotov, Alexey"]
[Result "0-1"]
[WhiteElo "2336"]
[BlackElo "2149"]
[PlyCount "124"]
[EventDate "2020.01.25"]
[EventType "swiss"]
[EventRounds "9"]
[EventCountry "RUS"]
[SourceTitle "CBM 194 Extra"]
[Source "ChessBase"]
[SourceDate "2020.03.31"]
[SourceVersion "1"]
[SourceVersionDate "2020.03.31"]
[SourceQuality "1"]

1. d4 d5 2. Nf3 Nf6 3. c4 c6 4. g3 Bf5 5. Nc3 e6 6. Bg2 h6 7. 0-0 Nbd7 8. Nd2 Be7 9. e4 dxe4 10. Ndxe4 0-0 11. Be3 Nxe4 12. Nxe4 Bxe4 13. Bxe4 Nf6 14. Bg2 Qc7 15. Qf3 Rfd8 16. Rfd1 Rd7 17. Bh3 Rad8 18. a3 Nh7 19. Qe2 Bf6 20. d5 cxd5 21. cxd5 Rxd5 22. Rdc1 Qe7 23. Bg2 R5d7 24. Bc5 Qe8 25. Rc2 b6 26. Be3 Qe7 27. Rac1 Bd4 28. Bf4 e5 29. Bd2 Ng5 30. Bb4 Qe6 31. Be1 Qf5 32. h4 Ne6 33. Kh2 Bc5 34. Bh3 Qf6 35. Bxe6 Qxe6 36. Bc3 e4 37. Re1 Re8 38. b4 Bd6 39. Bb2 Bb8 40. Rc4 f5 41. Qc2 Rde7 42. f4 Rd8 43. Re2 Red7 44. Qc3 Qg6 45. Rc8 Kh7 46. Rxd8 Rxd8 47. Rd2 Rxd2+ 48. Qxd2 Bd6 49. Kg2 Be7 50. Kf2 Qg4 51. Qe3 Qd1 52. Be5 a5 53. Qc3 axb4 54. axb4 Qb1 55. Qc8 e3+ 56. Kxe3 Bxb4 57. Qd7 Qe1+ 58. Kf3 Qf1+ 59. Ke3 Qe1+ 60. Kf3 Qe4+ 61. Kf2 Bc5+ 62. Kf1 Qf3+ 0-1

[Event "Eurasia Cup op"]
[Site "Ekaterinburg"]
[Date "2019.08.07"]
[Round "7"]
[White "Svetlova, Ksenia"]
[Black "Fedotov, Alexey"]
[Result "0-1"]
[WhiteElo "1875"]
[BlackElo "2141"]
[PlyCount "52"]
[EventDate "2019.07.31"]
[EventType "swiss"]
[EventRounds "9"]
[EventCountry "RUS"]
[SourceTitle "CBM 191 Extra"]
[Source "ChessBase"]
[SourceDate "2019.09.30"]
[SourceVersion "1"]
[SourceVersionDate "2019.09.30"]
[SourceQuality "1"]

1. e4 c6 2. d4 d5 3. e5 Bf5 4. h4 h6 5. c4 e6 6. Nc3 Ne7 7. a3 dxc4 8. Bxc4 Nd7 9. Nge2 Nb6 10. Bb3 Ned5 11. Ng3 Bh7 12. Nce4 Qc7 13. Qg4 0-0-0 14. 0-0 Kb8 15. a4 a5 16. Bd2 Nb4 17. Bc3 N6d5 18. Rac1 Rg8 19. Rfd1 Be7 20. h5 f5 21. exf6 gxf6 22. Qxe6 Nf4 23. Qf7 Bxe4 24. Bxb4 Ne2+ 25. Nxe2 Rxg2+ 26. Kf1 Qh2 0-1

[Event "Eurasia Cup op"]
[Site "Ekaterinburg"]
[Date "2019.08.02"]
[Round "3"]
[White "Sargsyan, Alina"]
[Black "Fedotov, Alexey"]
[Result "0-1"]
[WhiteElo "1298"]
[BlackElo "2148"]
[PlyCount "72"]
[EventDate "2019.07.31"]
[EventType "swiss"]
[EventRounds "9"]
[EventCountry "RUS"]
[SourceTitle "CBM 191 Extra"]
[Source "ChessBase"]
[SourceDate "2019.09.30"]
[SourceVersion "1"]
[SourceVersionDate "2019.09.30"]
[SourceQuality "1"]

1. d4 d5 2. c4 c6 3. cxd5 cxd5 4. Nc3 Nf6 5. Nf3 Nc6 6. e3 a6 7. h3 Bf5 8. Bd3 Bxd3 9. Qxd3 e6 10. 0-0 Bd6 11. b3 0-0 12. Bb2 Qe7 13. Rac1 Rac8 14. Qe2 Rfd8 15. Rfe1 h6 16. Red1 Nd7 17. e4 dxe4 18. Nxe4 Nb6 19. Nxd6 Qxd6 20. Ne5 Nd5 21. Nxc6 Rxc6 22. Rxc6 Qxc6 23. Rc1 Nf4 24. Qg4 Qe4 25. Kh2 h5 26. Qg3 Nd3 27. Rc2 Nxb2 28. Rxb2 Rxd4 29. f3 Qc6 30. Re2 Rd1 31. Re4 b5 32. Rh4 Qb6 33. Qf4 Qg1+ 34. Kg3 Rd5 35. Qe4 Rg5+ 36. Kf4 Qc1+ 0-1

[Event "Moscow op-A 15th"]
[Site "Moscow"]
[Date "2019.02.01"]
[Round "7"]
[White "Zaika, Daniil"]
[Black "Fedotov, Alexey"]
[Result "1/2-1/2"]
[WhiteElo "2289"]
[BlackElo "2102"]
[PlyCount "79"]
[EventDate "2019.01.26"]
[EventType "swiss"]
[EventRounds "9"]
[EventCountry "RUS"]
[SourceTitle "CBM 188 Extra"]
[Source "ChessBase"]
[SourceDate "2019.02.26"]
[SourceVersion "1"]
[SourceVersionDate "2019.02.26"]
[SourceQuality "1"]

1. d4 d5 2. c4 c6 3. Nf3 Nf6 4. Nc3 e6 5. e3 Nbd7 6. Qc2 Bd6 7. Bd3 0-0 8. 0-0 dxc4 9. Bxc4 a6 10. Rd1 b5 11. Bd3 Qc7 12. Bd2 Bb7 13. b4 h6 14. Rac1 Rac8 15. Ne2 e5 16. dxe5 Nxe5 17. Nxe5 Bxe5 18. f4 Bd6 19. Ng3 Nd5 20. Nf5 Rfe8 21. Nxd6 Qxd6 22. a3 Qf6 23. Qc5 Rc7 24. Rf1 Rd7 25. Bc2 Qd8 26. e4 Nf6 27. Bc3 Nxe4 28. Bxe4 Rxe4 29. Rce1 Qe7 30. Qxe7 Rexe7 31. Rxe7 Rxe7 32. Re1 Rxe1+ 33. Bxe1 f6 34. Kf2 Kf7 35. Ke3 Bc8 36. Kd4 Be6 37. Kc5 Bd5 38. g3 h5 39. Kd6 Be4 40. Bd2 1/2-1/2

[Event "RUS-ch Eurasia Cup op"]
[Site "Ekaterinburg"]
[Date "2018.08.08"]
[Round "7"]
[White "Fedotov, Alexey"]
[Black "Gyrgenova, Ekaterina"]
[Result "0-1"]
[WhiteElo "2106"]
[BlackElo "1738"]
[PlyCount "78"]
[EventDate "2018.08.01"]
[EventType "swiss"]
[EventRounds "9"]
[EventCountry "RUS"]
[SourceTitle "CBM 185 Extra"]
[Source "ChessBase"]
[SourceDate "2018.07.29"]
[SourceVersion "1"]
[SourceVersionDate "2018.07.29"]
[SourceQuality "1"]

1. d4 Nf6 2. c4 g6 3. Nc3 Bg7 4. e4 d6 5. Nf3 0-0 6. Be2 e5 7. d5 a5 8. Bg5 Qe8 9. Nd2 Na6 10. 0-0 h6 11. Bh4 Nh7 12. a3 Rb8 13. Rb1 f5 14. f3 g5 15. Bf2 f4 16. b4 g4 17. fxg4 Qg6 18. h3 Rf7 19. Nf3 Bf6 20. c5 Rg7 21. cxd6 cxd6 22. bxa5 h5 23. Nh2 hxg4 24. Nxg4 Bxg4 25. Bxg4 Be7 26. Qd3 Nf6 27. Be6+ Kh8 28. Qf3 Nh7 29. Bf5 Qh6 30. Kh2 Bh4 31. Ne2 Rbg8 32. Rg1 Ng5 33. Qc3 Bxf2 34. Rgf1 Be3 35. Qc2 f3 36. Rxf3 Nxf3+ 37. gxf3 Rg2+ 38. Kh1 Qh4 39. Qd1 Qf2 0-1

[Event "RUS-ch Eurasia Cup op"]
[Site "Ekaterinburg"]
[Date "2018.08.02"]
[Round "2"]
[White "Boyko, Igor K"]
[Black "Fedotov, Alexey"]
[Result "1/2-1/2"]
[WhiteElo "1896"]
[BlackElo "2106"]
[PlyCount "137"]
[EventDate "2018.08.01"]
[EventType "swiss"]
[EventRounds "9"]
[EventCountry "RUS"]
[SourceTitle "CBM 185 Extra"]
[Source "ChessBase"]
[SourceDate "2018.07.29"]
[SourceVersion "1"]
[SourceVersionDate "2018.07.29"]
[SourceQuality "1"]

1. Nf3 d5 2. e3 Nf6 3. c4 c6 4. Nc3 e6 5. b3 Nbd7 6. Bb2 Bd6 7. Qc2 0-0 8. Be2 b6 9. Rg1 Bb7 10. g4 Rc8 11. g5 Ne8 12. h4 e5 13. h5 g6 14. Nh2 Ng7 15. 0-0-0 b5 16. Ng4 Qxg5 17. h6 Ne8 18. Nxd5 cxd5 19. Nxe5 Qxg1 20. Rxg1 Bxe5 21. d4 bxc4 22. bxc4 Bd6 23. Kb1 dxc4 24. e4 Nef6 25. f3 c3 26. Bc1 Be7 27. Bd3 Rc6 28. f4 Rb8 29. Ka1 Rb6 30. f5 Bc6 31. Bf4 Rc8 32. fxg6 hxg6 33. Qxc3 Bb7 34. h7+ Nxh7 35. Qd2 Bf6 36. e5 Bg7 37. Rc1 Rbc6 38. Rxc6 Bxc6 39. Qa5 Nb6 40. Qxa7 Nd5 41. Bd2 Bf8 42. e6 fxe6 43. Bxg6 Be7 44. Qa6 Bd7 45. Qf1 Ndf6 46. Qg2 Kh8 47. Bf7 Bf8 48. Bf4 Bg7 49. Be5 Bc6 50. Qh3 Be4 51. Bxe6 Rc1+ 52. Kb2 Rb1+ 53. Kc3 Rd1 54. Kb4 Bf8+ 55. Ka4 Bg7 56. Qb3 Rb1 57. Qc3 Nf8 58. Qh3+ N8h7 59. Qc3 Ng5 60. Bb3 Kh7 61. Qc8 Bd3 62. Qc7 Kg6 63. Bc2 Be4 64. Bxb1 Bxb1 65. d5 Bxa2 66. d6 Be6 67. Qe7 Bd7+ 68. Ka5 Nge4 69. Ka6 1/2-1/2

[Event "Moscow op-A 14th"]
[Site "Moscow"]
[Date "2018.02.03"]
[Round "8"]
[White "Fedotov, Alexey"]
[Black "Bogaudinov, Rushan"]
[Result "0-1"]
[WhiteElo "2139"]
[BlackElo "2207"]
[PlyCount "92"]
[EventDate "2018.01.27"]
[EventType "swiss"]
[EventRounds "9"]
[EventCountry "RUS"]
[SourceTitle "CBM 182 Extra"]
[Source "ChessBase"]
[SourceDate "2018.02.23"]
[SourceVersion "1"]
[SourceVersionDate "2018.02.23"]
[SourceQuality "1"]

1. d4 Nf6 2. c4 e6 3. Nc3 Bb4 4. e3 c5 5. Nge2 0-0 6. a3 Bxc3+ 7. Nxc3 cxd4 8. exd4 d5 9. c5 b6 10. b4 bxc5 11. bxc5 Nc6 12. Bb5 Bd7 13. 0-0 Qc7 14. Re1 Na5 15. Bd3 Bc6 16. Bg5 Rfe8 17. Bxf6 gxf6 18. Qg4+ Kf8 19. Bxh7 Ke7 20. Qg7 Nc4 21. Bg6 Rf8 22. Rxe6+ Kxe6 23. Re1+ Ne5 24. f4 Rg8 25. Rxe5+ fxe5 26. Bxf7+ Qxf7 27. Qxe5+ Kd7 28. Qd6+ Kc8 29. Qxc6+ Kb8 30. Nxd5 Rg6 31. Qb5+ Kc8 32. f5 Qxd5 33. Qe8+ Kb7 34. Qe7+ Kc6 35. fxg6 Qxd4+ 36. Kf1 Qd3+ 37. Kg1 Qb1+ 38. Kf2 Qc2+ 39. Kg1 Qxc5+ 40. Qxc5+ Kxc5 41. h4 Rh8 42. g3 Kd6 43. Kg2 Ke6 44. Kf3 Kf6 45. g7 Kxg7 46. Kg4 Kg6 0-1

[Event "Moscow op-A 14th"]
[Site "Moscow"]
[Date "2018.01.30"]
[Round "4"]
[White "Fedotov, Alexey"]
[Black "Matyunin, Maxim"]
[Result "1/2-1/2"]
[WhiteElo "2139"]
[BlackElo "2261"]
[PlyCount "80"]
[EventDate "2018.01.27"]
[EventType "swiss"]
[EventRounds "9"]
[EventCountry "RUS"]
[SourceTitle "CBM 182 Extra"]
[Source "ChessBase"]
[SourceDate "2018.02.23"]
[SourceVersion "1"]
[SourceVersionDate "2018.02.23"]
[SourceQuality "1"]

1. d4 e6 2. c4 d5 3. Nc3 Be7 4. cxd5 exd5 5. Bf4 Nf6 6. e3 Bf5 7. Qb3 Nc6 8. Qxb7 Nb4 9. Bb5+ Kf8 10. Rd1 a6 11. Be2 Rb8 12. Qxc7 Qxc7 13. Bxc7 Rb7 14. Be5 Nc2+ 15. Kf1 Rxb2 16. Bxa6 Ne4 17. Nge2 Nb4 18. Bb5 f6 19. Bg3 Nxc3 20. Nxc3 Kf7 21. e4 Be6 22. exd5 Nxd5 23. Nxd5 Bxd5 24. a4 Rc8 25. h4 Bb3 26. Ra1 Rd8 27. Kg1 Rxd4 28. Kh2 f5 29. Rhb1 Rxb1 30. Rxb1 Bd1 31. f3 Bxa4 32. Bf2 Bd6+ 33. Kh3 Rd1 34. Bc4+ Kg6 35. Rxd1 Bxd1 36. Bd3 Kf6 37. Bd4+ Be5 38. Bxe5+ Kxe5 39. Kg3 Bb3 40. f4+ Kf6 1/2-1/2

[Event "Dvorkovich Memorial op"]
[Site "Taganrog"]
[Date "2018.01.23"]
[Round "9"]
[White "Fedotov, Alexey"]
[Black "Najdin, Danil"]
[Result "1/2-1/2"]
[WhiteElo "2139"]
[BlackElo "2302"]
[PlyCount "48"]
[EventDate "2018.01.15"]
[EventType "swiss"]
[EventRounds "9"]
[EventCountry "RUS"]
[SourceTitle "CBM 182 Extra"]
[Source "ChessBase"]
[SourceDate "2018.02.23"]
[SourceVersion "1"]
[SourceVersionDate "2018.02.23"]
[SourceQuality "1"]

1. d4 f5 2. Nc3 Nf6 3. Bg5 d5 4. f3 Nc6 5. Qd2 e6 6. a3 Be7 7. e3 0-0 8. Nh3 h6 9. Bxf6 Bxf6 10. Nf4 g5 11. Nh5 Be7 12. 0-0-0 Bd7 13. e4 Be8 14. g4 dxe4 15. fxe4 fxe4 16. Bc4 Bxh5 17. gxh5 Qd6 18. Nxe4 Qf4 19. Bxe6+ Kg7 20. Rhe1 Rad8 21. c3 Bd6 22. Nxd6 cxd6 23. Bd5 Rd7 24. Qxf4 Rxf4 1/2-1/2

[Event "Dvorkovich Memorial op"]
[Site "Taganrog"]
[Date "2018.01.22"]
[Round "8"]
[White "Chernyavsky, Alexander"]
[Black "Fedotov, Alexey"]
[Result "1/2-1/2"]
[WhiteElo "2326"]
[BlackElo "2139"]
[PlyCount "94"]
[EventDate "2018.01.15"]
[EventType "swiss"]
[EventRounds "9"]
[EventCountry "RUS"]
[SourceTitle "CBM 182 Extra"]
[Source "ChessBase"]
[SourceDate "2018.02.23"]
[SourceVersion "1"]
[SourceVersionDate "2018.02.23"]
[SourceQuality "1"]

1. d4 d5 2. Nf3 Nf6 3. g3 Bf5 4. Nh4 Bg6 5. Nxg6 hxg6 6. Bg2 e6 7. 0-0 c6 8. Nd2 Nbd7 9. e4 Nxe4 10. Nxe4 dxe4 11. Bxe4 Be7 12. Bg2 Qa5 13. c4 Rd8 14. Be3 Nb6 15. Qc2 Qf5 16. Qxf5 gxf5 17. Rac1 0-0 18. Rfd1 Rd7 19. b3 Rfd8 20. a4 c5 21. d5 exd5 22. cxd5 Nxd5 23. Bxc5 b6 24. Rxd5 Bxc5 25. Rxf5 Rd1+ 26. Rxd1 Rxd1+ 27. Bf1 g6 28. Rf3 Kg7 29. Kg2 a5 30. Bc4 Rd7 31. h4 Re7 32. g4 Rd7 33. g5 Re7 34. Kg3 Bd6+ 35. Kg2 Bc5 36. Kf1 Bd4 37. Rf4 Bc5 38. f3 Bd6 39. Rf6 Bg3 40. h5 gxh5 41. Rxb6 h4 42. Kg2 Re5 43. Rf6 Rxg5 44. Rxf7+ Kg6 45. Kh3 Rf5 46. Ra7 Rxf3 47. Ra6+ Kg7 1/2-1/2

[Event "Dvorkovich Memorial op"]
[Site "Taganrog"]
[Date "2018.01.16"]
[Round "2"]
[White "Khanin, Semen"]
[Black "Fedotov, Alexey"]
[Result "1-0"]
[WhiteElo "2458"]
[BlackElo "2139"]
[PlyCount "67"]
[EventDate "2018.01.15"]
[EventType "swiss"]
[EventRounds "9"]
[EventCountry "RUS"]
[SourceTitle "CBM 182 Extra"]
[Source "ChessBase"]
[SourceDate "2018.02.23"]
[SourceVersion "1"]
[SourceVersionDate "2018.02.23"]
[SourceQuality "1"]

1. e4 c6 2. d4 d5 3. Nd2 dxe4 4. Nxe4 Nd7 5. Ng5 Ngf6 6. Bd3 e6 7. N1f3 Bd6 8. Qe2 h6 9. Ne4 Nxe4 10. Qxe4 Nf6 11. Qe2 Qc7 12. Bd2 b6 13. Ne5 Bb7 14. f4 0-0-0 15. 0-0 c5 16. a4 Kb8 17. a5 cxd4 18. axb6 axb6 19. Ra4 g5 20. Rc4 Bc5 21. b4 Nd5 22. bxc5 b5 23. Rxd4 f6 24. Ng6 Qxc5 25. Qf2 Rhg8 26. Rb1 Qc6 27. Bxb5 Qxc2 28. Bd3 Qc6 29. Rc4 Qd6 30. Ra4 Nb6 31. Rxb6 Qxd3 32. Rxb7+ Kxb7 33. Qa7+ Kc6 34. Ne7+ 1-0

[Event "Voronezh op-B 20th"]
[Site "Voronezh"]
[Date "2016.06.20"]
[Round "8"]
[White "Fedotov, Alexey"]
[Black "Chinguun, Sumiya"]
[Result "1/2-1/2"]
[WhiteElo "2051"]
[BlackElo "1984"]
[PlyCount "199"]
[EventDate "2016.06.12"]
[EventType "swiss"]
[EventRounds "9"]
[EventCountry "RUS"]
[SourceTitle "EXT 2017"]
[Source "ChessBase"]
[SourceDate "2016.10.25"]
[SourceVersion "1"]
[SourceVersionDate "2016.10.25"]
[SourceQuality "1"]

1. d4 Nf6 2. c4 g6 3. Nc3 Bg7 4. e4 d6 5. Nf3 0-0 6. Be2 e5 7. 0-0 Nbd7 8. Bg5 c6 9. d5 Qc7 10. Nd2 a5 11. a3 Qb6 12. Be3 Qc7 13. b4 Ne8 14. c5 f5 15. f3 Nef6 16. cxd6 Qxd6 17. Nc4 Qc7 18. Nxa5 Rd8 19. Nc4 b6 20. dxc6 Qxc6 21. b5 Qc7 22. Nd5 Qb7 23. Nd6 Qb8 24. Ne7+ Kf8 25. Nc6 Qc7 26. Nxd8 Qxd8 27. Rc1 Nc5 28. Rxc5 bxc5 29. Bxc5 Qc7 30. Qc2 Nd7 31. Rc1 Qxc5+ 32. Qxc5 Nxc5 33. Rxc5 Be6 34. b6 Ke7 35. Nb5 Bh6 36. Kf2 Rb8 37. Rc7+ Bd7 38. Nc3 Kd6 39. Nd5 fxe4 40. fxe4 Bg5 41. Ba6 Bd8 42. Rc3 Bxb6+ 43. Nxb6 Rxb6 44. Be2 Rb2 45. Ke3 Bb5 46. Bxb5 Rxb5 47. Kf3 Rb1 48. Kg4 h6 49. Kg3 Ke6 50. Rc6+ Kf7 51. Ra6 Rb3+ 52. Kf2 Rb2+ 53. Kf3 Rb3+ 54. Kg4 Re3 55. Ra4 Kf6 56. g3 Re2 57. h4 Re3 58. Kh3 g5 59. Kg4 Kg6 60. Ra6+ Kg7 61. hxg5 hxg5 62. Ra4 Kg6 63. Ra6+ Kg7 64. Kf5 Rxg3 65. Kxe5 Rf3 66. a4 g4 67. Rb6 g3 68. Rb1 Ra3 69. Rg1 Rxa4 70. Rxg3+ Kf7 71. Kf5 Ra6 72. Rb3 Ke7 73. Rb7+ Ke8 74. e5 Kf8 75. Rb8+ Ke7 76. Rh8 Rb6 77. Rh7+ Ke8 78. Ra7 Kf8 79. Rc7 Ra6 80. Ke4 Ke8 81. Kd5 Ra5+ 82. Ke6 Ra6+ 83. Kf5 Kf8 84. Rc5 Ke7 85. Rb5 Ke8 86. Ke4 Ke7 87. Kd5 Kd7 88. Rb1 Ke7 89. Ke4 Ra4+ 90. Kf5 Ra6 91. Rb5 Kf7 92. Rb8 Ke7 93. Rb2 Kf7 94. Rb5 Ke7 95. e6 Ra1 96. Rb7+ Ke8 97. Rb6 Rf1+ 98. Ke5 Re1+ 99. Kd6 Rd1+ 100. Ke5 1/2-1/2